Android apps security : (Record no. 227219)

MARC details
000 -LEADER
fixed length control field 00713nam a22002177a 4500
005 - DATE AND TIME OF LATEST TRANSACTION
control field 20230420095458.0
008 - FIXED-LENGTH DATA ELEMENTS--GENERAL INFORMATION
fixed length control field 230420b ||||| |||| 00| 0 eng d
020 ## - INTERNATIONAL STANDARD BOOK NUMBER
International Standard Book Number 9781484276983
040 ## - CATALOGING SOURCE
Transcribing agency AIMIT LIBRARY
082 ## - DEWEY DECIMAL CLASSIFICATION NUMBER
Edition number 2
100 ## - MAIN ENTRY--PERSONAL NAME
Personal name Gunasekera, Sheran.
9 (RLIN) 90777
245 ## - TITLE STATEMENT
Title Android apps security :
Remainder of title mitigate hacking attacks and security breaches /
Statement of responsibility, etc. By Sheran Gunasekera.
250 ## - EDITION STATEMENT
Edition statement 2nd ed.
260 ## - PUBLICATION, DISTRIBUTION, ETC.
Place of publication, distribution, etc. New York:
Name of publisher, distributor, etc. Apress,
Date of publication, distribution, etc. 2023.
300 ## - PHYSICAL DESCRIPTION
Extent xv,294p. ;
Other physical details 25 cm.
Dimensions PB
650 ## - SUBJECT ADDED ENTRY--TOPICAL TERM
Topical term or geographic name entry element Recap of secure development principles
9 (RLIN) 90778
650 ## - SUBJECT ADDED ENTRY--TOPICAL TERM
Topical term or geographic name entry element App licensing and safetynet
9 (RLIN) 90779
650 ## - SUBJECT ADDED ENTRY--TOPICAL TERM
Source of heading or term Rooting your android device
650 ## - SUBJECT ADDED ENTRY--TOPICAL TERM
Source of heading or term Hacking your app
942 ## - ADDED ENTRY ELEMENTS (KOHA)
Source of classification or shelving scheme Dewey Decimal Classification
Koha item type Book
Edition 2nd
Call number prefix 621.3821 GUNS
Holdings
Withdrawn status Lost status Source of classification or shelving scheme Damaged status Not for loan Collection code Home library Current library Date acquired Cost, normal purchase price Inventory number Total Checkouts Full call number Barcode Date last seen Cost, replacement price Price effective from Koha item type
    Dewey Decimal Classification     MCA St Aloysius Institute of Management & Information Technology St Aloysius Institute of Management & Information Technology 04/20/2023 1199.00 Bill no:8480; Bill dt:2023-03-20   621.3821 GUNS MCA17175 07/21/2025 959.20 04/20/2023 Book